000 01362cam a2200229 4500
001 WB3703-08
008 000000n2001 000 0 eng u
035 _a(Sirsi) u110384
245 _aWhite collar CO2
260 _c2001
490 _aGreen Futures
_v January/February 2001, 7(1)
520 _aA new report "White Collar CO2" by the Association for the Conversation of Energy (ACE) identifies practical measures to save wasted energy, both beneficial to businesses and the environment. The report calls for legislation to require a property freeholder to improve the energy efficiency of their buildings. Briefly outlines the response of Prudential plc who welcomes the report, but believes regulation could raise practical problems in monitoring and increase risks to institutional investors. Further information at http://www.ukace.org The Environment Agency's booklet, "Green Officiency" is available free of charge. Contains advice/checklists on how to run a cost-effective, environmentally aware office. Tel 0800 585 794.
590 _aWB
650 _aASSOCIATION FOR THE CONSERVATION OF ENERGY
650 _aACE
650 _aENERGY MANAGEMENT
650 _aOFFICES
650 _aENERGY CONSUMPTION
650 _aCARBON DIOXIDE EMISSIONS
690 _aENVIRONMENTAL AND LAND CONSULTANCY-ENERGY-ENERGY USE-ENERGY EFFICIENCY
942 _n0
999 _c65808
_d65808